01628nam a2200337 i 4500003000900000005001700009008004100026040004600067041000800113082003000121092000700151099004700158100004600205245014600251250003000397264006800427300003000495336002200525337002400547338003300571504010800604546004100712650006100753651001000814856005700824905000700881942001900888999001700907952018300924952018301107EG-GICUC20260121101532.0251222s1987    ua ||||fr|||| 00| 0 ara d  a EG-GICUCbarac EG-GICUCd EG-GICUCerda0 aara04221a345.437bن ص . أ04221  aLaw1 07	345.437   ن ص . أ	1 ed - 19870 aنصحى عباس رمضانeمؤلف.12aأنظمة المعاشات فى التشريع المصرى والمقارن :bدراسة تحليلية /cنصحى عباس رمضان.  aالطبعة الاولى 1aالقاهرة :b[اسم الناشر غير محدد],c1987.  a670 ؛ صفحةc24 سم.  2rda contentatext  2rda mediaaComputer  2rda carrieraOnline Resource  aيحتوي على ارجاعات ببليوجرافية
يحتوي على قائمة بالمراجع  aالنص باللغة العربية14aالمعاشاتxالقانون الإداري2qrmak1 2qrmak40uhttps://fll.law.cu.edu.eg/fulltext/bks/B07-01712.pdf  a75  2ddccBKe21n0  c52173d52173  00102ddc40718القانون الإداريaCUbLAW1d2025-12-22l0oLaw1 07	345.437  ن ص . أ	1 ed - 1987 0701712	C1pB07-01712r2025-12-22 17:56:00t1w2025-12-22yBK  00102ddc40708القانون الإداريaCUbLAW1d2025-12-22l0oLaw1 07	345.437 ن ص . أ 	1 ed - 1987 0701713	C2pB07-01713r2025-12-22 17:57:00t2w2025-12-22yBK